| 000 | 00870nam a2200253 i 4500 | ||
|---|---|---|---|
| 001 | 105490 | ||
| 003 | ES-MaACL | ||
| 005 | 20250512063028.0 | ||
| 008 | 060719s1972 fr |||| | spa d | ||
| 080 | _a330.85(47+57) | ||
| 080 | _a329.15(47+57) | ||
| 100 | 1 |
_aTrotsky, Leon, _d1879-1940 _9240350 |
|
| 245 | 1 | 3 |
_aLa revolución permanente / _cLeón Trotski ; traducción directa del ruso de Andrés Nin. |
| 260 |
_a[Paris] : _bRuedo Ibérico, _c[1972] |
||
| 300 |
_a137 p. ; _c22 cm. |
||
| 490 | 1 |
_aBiblioteca de cultura socialista ; _v4 |
|
| 650 | 1 | 4 |
_aComunismo- _zURSS. _911227 |
| 650 | 4 |
_aTrotskismo. _917652 |
|
| 700 | 1 |
_aNin, Andreu. _985748 |
|
| 710 | 2 |
_aÉditions Ruedo ibérico. _9145333 |
|
| 830 | 1 |
_aBiblioteca de cultura socialista ; _v4 _9185023 |
|
| 852 |
_aES-MaACL _jAND-289 _z- Biblioteca Juan Andrade |
||
| 999 |
_c105490 _d105490 |
||